| 000 | 00609nam a2200145 a 4500 | ||
|---|---|---|---|
| 005 | 20140414131854.0 | ||
| 008 | 100817s19uu xx 00 eng d | ||
| 050 |
_aM 811 _bH77 2002 |
||
| 245 |
_aHome to me : _bpoems across america / _cselected by Lee Bennett Hopkins ; illustrated by Stephen Alcorn. |
||
| 260 |
_aNew York : _bOrchard Books, _c2002. |
||
| 520 | _aA collection of fifteen poerms by various authors about home, whether it is on a boat, in a trailer park, on a reservation, or in a small town. | ||
| 650 |
_aHome _xJuvenile literature |
||
| 650 | _aChildren's poetry, American | ||
| 999 |
_c110373 _d110373 |
||